| 000 | 01164cam a2200133 4500500 | ||
|---|---|---|---|
| 005 | 20251214002552.0 | ||
| 041 | _afre | ||
| 042 | _adc | ||
| 100 | 1 | 0 |
_aTouratier, Christian _eauthor |
| 245 | 0 | 0 | _aGrammaire latine : Introduction linguistique à la langue latine |
| 260 |
_bArmand Colin,
_c2008. |
||
| 520 | _aCette grammaire se veut une grammaire latine complète au sens traditionnel du mot, avec description de l'histoire et du fonctionnement de la langue, en même temps qu'une grammaire latine renouvelée dans tous les domaines où la linguistique moderne a fait progresser les choses : phonologie structurale et générative, morphologie structurale et générative, syntaxe fonctionnelle et analyse en constituants immédiats, etc. Le souci de clarté est prédominant, avec une définition de tous les concepts descriptifs employés et un recours constant à l'exemple. Christian Touratier est professeur émérite de l'université de Provence (Aix-Marseille-I). Il a également enseigné le latin et la linguistique à Paris4-Sorbonne. | ||
| 856 | 4 | 1 | _uhttps://shs.cairn.info/grammaire-latine--9782718199610?lang=fr&redirect-ssocas=7080 |
| 999 |
_c1567118 _d1567118 |
||